Setting and running a limited company. (Record no. 5593)

MARC details
000 -LEADER
fixed length control field 00561cam a22002052 4500
001 - CONTROL NUMBER
control field 0000002020
005 - DATE AND TIME OF LATEST TRANSACTION
control field 20151217151837.0
008 - FIXED-LENGTH DATA ELEMENTS--GENERAL INFORMATION
fixed length control field 070330s xx 000 0 eng d
040 ## - CATALOGING SOURCE
Original cataloging agency KABU
Transcribing agency KABU
050 #0 - LIBRARY OF CONGRESS CALL NUMBER
Classification number HD2731
Item number .B76 2003
100 1# - MAIN ENTRY--PERSONAL NAME
Personal name Browning, Robert.
-- 0000012930
245 10 - TITLE STATEMENT
Title Setting and running a limited company.
250 ## - EDITION STATEMENT
Edition statement 4th ed.
260 ## - PUBLICATION, DISTRIBUTION, ETC. (IMPRINT)
Place of publication, distribution, etc. Oxford :
Name of publisher, distributor, etc. How to Books,
Date of publication, distribution, etc. 2003.
300 ## - PHYSICAL DESCRIPTION
Extent 189 p.
650 #0 - SUBJECT ADDED ENTRY--TOPICAL TERM
Topical term or geographic name as entry element Corporations.
-- 0000151205
908 ## - PUT COMMAND PARAMETER (RLIN)
Put command parameter 070330
950 ## - LOCAL HOLDINGS (RLIN)
-- 1
Holdings
Withdrawn status Lost status Source of classification or shelving scheme Not for loan Home library Current library Date acquired Total Checkouts Full call number Barcode Date last seen Date last checked out Price effective from Koha item type
    Library of Congress Classification   Kabarak, Main Campus Kabarak, Main Campus 17/12/2015 2 HD2731 .B76 2003 c.1 000968 02/08/2024 14/03/2018 17/12/2015 General Collection
Designed with assistance from East African Informatics Ltd